Pedri trivia - Statistics

General Stats
  • This quiz has been taken 31 times
  • The average score is 9 of 12
Answer Stats
Hint Answer % Correct
What club does he play for? FC Barcelona
100%
What country does he come from? Spain
100%
With what number does he play in Spanish representation? 20
95%
Which year was hea warded the Golden Boy Award? 2021
91%
What was his frist club? UD Las Palmas
86%
Who is his biggest inspiration? Andrés Iniesta
73%
Who was impressed with him from the very second training session? Leo Messi
73%
What is his full name? Pedro González López
68%
How does his fans often call him, because of the magic he shows on the field? Pedri Potter
55%
He says he's a big gamer. What is his favourite game? FIFA
50%
What city was he born in? Tegueste
41%
How much FC Barcelona paid for him? €5 million
18%
No matching quizzes found
Score Distribution
Percent of People with Each Score
Percentile by Number Answered
Your Score History
You have not taken this quiz